| 000 | 00558nam a2200193Ia 4500 | ||
|---|---|---|---|
| 003 | GCL | ||
| 008 | 140319s9999 xx 000 0 ara d | ||
| 040 |
_aGCL / _cGCL |
||
| 082 | 0 | 4 |
_a810.9 _bن ط |
| 100 | 1 | _aنبيل فرج | |
| 245 | 1 | 0 |
_aطة حسين ومعاصروة / _cنبيل فرج |
| 260 |
_a[S.N] : _bدار الهلال للطباعة والنشر ، _c1994 |
||
| 300 | _a324 ص | ||
| 490 |
_aكتاب الهلال _v0 |
||
| 650 | 0 | 4 | _aالادب العربى |
| 650 | 0 | 4 | _aطه حسين |
| 650 | 0 | 4 | _aتاريخ ونقد |
| 942 |
_2ddc _cBK |
||
| 999 |
_c35557 _d35557 |
||